[Event "22nd European Teams"]
[Site "Batumi GEO"]
[Date "2019.10.26"]
[Round "3.12"]
[Board "3"]
[White "Zajic, Milan"]
[Black "Nikolovski, Nikola"]
[Result "0-1"]
[WhiteTitle "GM"]
[BlackTitle "IM"]
[WhiteElo "2477"]
[BlackElo "2424"]
[WhiteTeam "Serbia"]
[BlackTeam "Republic of North Macedonia"]
[WhiteFideId "912336"]
[BlackFideId "15002314"]
[EventDate "2019.10.24"]

1. d4 e6 2. Nf3 f5 3. c4 Nf6 4. g3 b6 5. Bg2 Bb7 6. O-O Be7 7. d5 Ne4 8. Nd4 O-O
9. Nc3 Nxc3 10. bxc3 e5 11. Nb3 d6 12. Rb1 Ba6 13. c5 Nd7 14. c6 Nf6 15. Nd2 Qe8
16. c4 Qh5 17. e3 Qh6 18. e4 f4 19. Rb3 Rf7 20. gxf4 exf4 21. Re1 Bc8 22. h3 g5
23. Nf3 g4 24. hxg4 Bxg4 25. Qd2 Raf8 26. e5 Bxf3 27. Rxf3 dxe5 28. Rxe5 Ng4 29.
Re6 Qh2+ 30. Kf1 Bc5 31. Bh3 Qh1+ 32. Ke2 Nh2 33. Qc3 Nxf3 34. Qxf3 Qxc1 0-1

[Event "22nd European Teams"]
[Site "Batumi GEO"]
[Date "2019.10.26"]
[Round "3.12"]
[Board "4"]
[White "Lazov, Toni"]
[Black "Radovanovic, Mihajlo"]
[Result "0-1"]
[WhiteTitle "FM"]
[BlackTitle "IM"]
[WhiteElo "2393"]
[BlackElo "2479"]
[WhiteTeam "Republic of North Macedonia"]
[BlackTeam "Serbia"]
[WhiteFideId "15000770"]
[BlackFideId "940313"]
[EventDate "2019.10.24"]

1. e4 c5 2. Nf3 d6 3. Bb5+ Bd7 4. Bxd7+ Qxd7 5. O-O Nf6 6. Qe2 Nc6 7. Rd1 g5 8.
c3 g4 9. Ne1 Qe6 10. d4 Qxe4 11. Qb5 O-O-O 12. dxc5 Qf5 13. Na3 Qxc5 14. Qa4 Qa5
15. Qc4 e6 16. b4 Qh5 17. b5 g3 18. Nf3 d5 19. Qe2 gxf2+ 20. Kf1 Na5 21. Qe5 Be7
22. Qxh5 Nxh5 23. Ne5 Rhf8 24. Rd4 Bf6 25. Nd3 Bxd4 26. cxd4 Nc4 27. Nc2 Rg8 28.
Kxf2 Nf6 29. Bf4 Ne4+ 30. Kf1 Kd7 31. g3 Rc8 32. Ncb4 f6 33. a4 Ncd2+ 34. Kg2
Nb3 0-1

[Event "22nd European Teams"]
[Site "Batumi GEO"]
[Date "2019.10.26"]
[Round "3.13"]
[Board "1"]
[White "Bogner, Sebastian"]
[Black "Kulaots, Kaido"]
[Result "1/2-1/2"]
[WhiteTitle "GM"]
[BlackTitle "GM"]
[WhiteElo "2571"]
[BlackElo "2542"]
[WhiteTeam "Switzerland"]
[BlackTeam "Estonia"]
[WhiteFideId "4692055"]
[BlackFideId "4500261"]
[EventDate "2019.10.24"]

1. Nf3 Nf6 2. c4 g6 3. Nc3 d5 4. cxd5 Nxd5 5. Qc2 Nc6 6. d4 Ndb4 7. Qa4 Bd7 8.
Qd1 e5 9. dxe5 Bf5 10. Bg5 Be7 11. e4 Bg4 12. Bh6 Qxd1+ 13. Rxd1 Bxf3 14. gxf3
Nxe5 15. Nb5 Na6 16. Be2 c6 17. f4 Nd7 18. Nd6+ Bxd6 19. Rxd6 Nac5 20. e5 O-O-O
21. Bc4 Nb6 22. Rxd8+ Kxd8 23. Bxf7 Ke7 24. Bb3 Nxb3 25. axb3 Ke6 26. Ke2 Rd8
27. h4 Rd4 28. h5 Nd5 29. hxg6 hxg6 30. Rg1 Kf7 31. Rg3 Rb4 32. Kd2 Rd4+ 33. Ke2
Rb4 34. Kd2 Rd4+ 35. Ke2 Rb4 1/2-1/2

[Event "22nd European Teams"]
[Site "Batumi GEO"]
[Date "2019.10.26"]
[Round "3.13"]
[Board "2"]
[White "Volodin, Aleksandr"]
[Black "Georgiadis, Nico"]
[Result "0-1"]
[WhiteTitle "GM"]
[BlackTitle "GM"]
[WhiteElo "2491"]
[BlackElo "2528"]
[WhiteTeam "Estonia"]
[BlackTeam "Switzerland"]
[WhiteFideId "4501950"]
[BlackFideId "1300113"]
[EventDate "2019.10.24"]

1. d4 Nf6 2. c4 e6 3. Nf3 d5 4. Nc3 Bb4 5. cxd5 exd5 6. Bg5 h6 7. Bh4 c5 8. e3
c4 9. Be2 Nc6 10. O-O g5 11. Bg3 Bxc3 12. bxc3 Ne4 13. Rc1 O-O 14. Ne5 Bf5 15.
Bg4 Bh7 16. f4 Qe7 17. Qa4 a6 18. Bf3 Qe6 19. Bxe4 Bxe4 20. fxg5 hxg5 21. Nxc6
bxc6 22. Rf2 f5 23. Be5 c5 24. Qa5 cxd4 25. exd4 f4 26. Rcf1 Ra7 27. Rb2 Rh7 28.
Re1 Qg6 29. Rb8 Rxb8 30. Bxb8 Rd7 31. Qc5 Rf7 32. Bd6 Qf5 33. Re2 Qg4 34. Rf2
Qd1+ 35. Rf1 Qg4 36. g3 fxg3 37. Bxg3 Rxf1+ 38. Kxf1 Bd3+ 0-1

[Event "22nd European Teams"]
[Site "Batumi GEO"]
[Date "2019.10.26"]
[Round "3.13"]
[Board "3"]
[White "Kurmann, Oliver"]
[Black "Seeman, Tarvo"]
[Result "1-0"]
[WhiteTitle "IM"]
[BlackTitle "IM"]
[WhiteElo "2420"]
[BlackElo "2394"]
[WhiteTeam "Switzerland"]
[BlackTeam "Estonia"]
[WhiteFideId "1308173"]
[BlackFideId "4500547"]
[EventDate "2019.10.24"]

1. e4 c5 2. Nf3 g6 3. d4 cxd4 4. Nxd4 Bg7 5. Nc3 Nc6 6. Be3 Nf6 7. Bc4 O-O 8.
Bb3 d6 9. f3 Bd7 10. Qd2 Nxd4 11. Bxd4 b5 12. a4 bxa4 13. Bxa4 Be6 14. O-O Qc7
15. Rfe1 Qb7 16. b3 Rfc8 17. Rad1 Nd7 18. Bxg7 Kxg7 19. Bxd7 Qxd7 20. Nd5 Rab8
21. Ra1 Bxd5 22. exd5 Rb7 23. Re3 Qf5 24. c4 Rc5 25. h3 h5 26. Re4 a5 27. Rxa5
Rxa5 28. Qxa5 Rxb3 29. Qa7 Rb1+ 30. Kh2 Rb2 31. Qe3 Rc2 32. Qb3 Rf2 33. Kg1 Qxe4
34. fxe4 Rf4 35. Qe3 1-0

[Event "22nd European Teams"]
[Site "Batumi GEO"]
[Date "2019.10.26"]
[Round "3.13"]
[Board "4"]
[White "Sepp, Olav"]
[Black "Gallagher, Joseph G."]
[Result "0-1"]
[WhiteTitle "IM"]
[BlackTitle "GM"]
[WhiteElo "2411"]
[BlackElo "2439"]
[WhiteTeam "Estonia"]
[BlackTeam "Switzerland"]
[WhiteFideId "4500105"]
[BlackFideId "1303422"]
[EventDate "2019.10.24"]

1. Nf3 c5 2. g3 Nc6 3. Bg2 g6 4. c4 Bg7 5. Nc3 e6 6. d4 Nxd4 7. Nxd4 cxd4 8. Nb5
Ne7 9. O-O O-O 10. Nxd4 d5 11. cxd5 Nxd5 12. e4 Nb6 13. Nb5 Qxd1 14. Rxd1 Bd7
15. Nd4 Rac8 16. b3 e5 17. Nf3 Bc6 18. Nd2 Rfd8 19. Bb2 Bh6 20. Nf1 f6 21. h4
Kf7 22. a4 a5 23. Rxd8 Rxd8 24. Bc3 Rd3 25. Bxa5 Rxb3 26. Bxb6 Rxb6 27. a5 Ra6
28. Bf3 b6 29. Be2 Rxa5 30. Bc4+ Ke7 31. Rb1 b5 32. Bd3 Ke6 33. Nh2 Bd2 34. Nf1
Bc3 35. Ne3 Bd4 36. Nd5 Kd6 37. Nb4 Bd7 38. Kf1 Bc5 39. Nd5 Ra2 40. Be2 f5 41.
Nc3 Rc2 42. Nxb5+ Ke7 43. Nc7 fxe4 44. Nd5+ Kd6 45. Nf6 Bh3+ 46. Ke1 Bg2 47.
Rd1+ Ke6 48. Nxh7 Bb4+ 0-1

[Event "22nd European Teams"]
[Site "Batumi GEO"]
[Date "2019.10.26"]
[Round "3.14"]
[Board "1"]
[White "Andersen, Mads"]
[Black "Pultinevicius, Paulius"]
[Result "1/2-1/2"]
[WhiteTitle "GM"]
[BlackTitle "IM"]
[WhiteElo "2601"]
[BlackElo "2503"]
[WhiteTeam "Denmark"]
[BlackTeam "Lithuania"]
[WhiteFideId "1413864"]
[BlackFideId "12809390"]
[EventDate "2019.10.24"]

1. d4 Nf6 2. c4 g6 3. g3 c6 4. Bg2 d5 5. Qa4 Nfd7 6. cxd5 Nb6 7. Qd1 cxd5 8. e3
Nc6 9. Ne2 Bg4 10. Nbc3 Bg7 11. a4 Bxe2 12. Qxe2 e6 13. O-O O-O 14. b3 Rc8 15.
Bd2 a6 16. Rfb1 Qe7 17. a5 Nd7 18. Rc1 Rc7 19. Na4 Rfc8 20. Nb6 Nxb6 21. axb6
Rd7 22. b4 Rdd8 23. b5 axb5 24. Qxb5 Qd6 25. Ra2 Bf8 26. Qb3 Ra8 27. Rca1 Rxa2
28. Rxa2 Rc8 29. Bf1 Qd8 30. Kg2 Bd6 31. Bd3 Kg7 32. Bc3 Be7 33. Be2 Bf6 34. Ra4
Qd6 35. Bb2 Qd8 36. Ba3 Be7 37. Bb2 Nb8 38. Ra7 Nc6 39. Ra4 Nb8 40. Ra7 Nc6 1/2-1/2

[Event "22nd European Teams"]
[Site "Batumi GEO"]
[Date "2019.10.26"]
[Round "3.14"]
[Board "2"]
[White "Laurusas, Tomas"]
[Black "Hansen, Sune Berg"]
[Result "1/2-1/2"]
[WhiteTitle "IM"]
[BlackTitle "GM"]
[WhiteElo "2501"]
[BlackElo "2573"]
[WhiteTeam "Lithuania"]
[BlackTeam "Denmark"]
[WhiteFideId "12803731"]
[BlackFideId "1400266"]
[EventDate "2019.10.24"]

1. d4 Nf6 2. c4 e6 3. Nf3 d5 4. Nc3 dxc4 5. e4 Bb4 6. Bxc4 Nxe4 7. O-O Nf6 8.
Qa4+ Nc6 9. Bg5 Bxc3 10. bxc3 O-O 11. Rfe1 h6 12. Bh4 Ne7 13. Bd3 Nf5 14. Bxf5
exf5 15. d5 Qd6 16. Bxf6 Qxf6 17. c4 Qd6 18. Ne5 a6 19. Rad1 b5 20. Qa5 bxc4 21.
Nxc4 Qd8 22. h3 f4 23. Ne5 Qd6 24. Nc4 Qd8 25. Ne5 Qd6 26. Nc4 Qd8 27. Ne5 Qd6
28. Nc4 Qd8 29. Ne5 Qd6 30. Nc4 Qd8 31. Ne5 1/2-1/2

[Event "22nd European Teams"]
[Site "Batumi GEO"]
[Date "2019.10.26"]
[Round "3.14"]
[Board "3"]
[White "Thybo, Jesper Sondergaard"]
[Black "Brazdzionis, Andrius"]
[Result "1-0"]
[WhiteTitle "IM"]
[WhiteElo "2550"]
[BlackElo "2355"]
[WhiteTeam "Denmark"]
[BlackTeam "Lithuania"]
[WhiteFideId "1438832"]
[BlackFideId "12804479"]
[EventDate "2019.10.24"]

1. d4 Nf6 2. c4 e6 3. Nf3 d5 4. g3 dxc4 5. Bg2 a6 6. O-O Nc6 7. e3 Bd7 8. Qe2
Bd6 9. Qxc4 O-O 10. Nbd2 Qe7 11. Qc2 Nb4 12. Qb3 Qe8 13. Nc4 a5 14. Nfe5 Ba4 15.
Qc3 b5 16. b3 Nfd5 17. Nxd6 cxd6 18. Qd2 dxe5 19. bxa4 exd4 20. a3 dxe3 21. fxe3
Na6 22. e4 Nb6 23. Qxa5 Nxa4 24. e5 Qd8 25. Qe1 Rb8 26. Be3 N6c5 27. Rd1 Qe7 28.
Qb4 Rfc8 29. Rd4 Qf8 30. Rh4 Nd7 31. Ba7 Nxe5 32. Bxb8 Rxb8 33. Rb1 Qc8 34. Rh5
f6 35. Rh4 Nc3 36. Rf1 Qc7 37. Kh1 Nd5 38. Qb3 Nc4 39. Re1 Qd6 40. Qd3 Ne5 41.
Qxh7+ Kf7 42. Rd4 Qc5 43. Rd2 Ne3 44. Bf3 f5 45. Rde2 N3g4 46. Qh5+ Kg8 47. Bxg4
Nxg4 48. Qg6 Rb6 49. Rd1 Rb8 50. Qxe6+ Kh7 51. Qd5 Qf8 52. Rf1 Nh6 53. g4 Rd8
54. Qxb5 Qxa3 55. g5 Qa8+ 56. Kg1 Rd5 57. Qb1 Qa7+ 58. Kh1 Qa6 59. Rg2 Ng8 60.
Rxf5 Qg6 61. Rf1 Qxb1 62. Rxb1 Kg6 63. Rb6+ Kh5 64. Rb7 Kg6 65. h4 Re5 66. h5+
Kxh5 67. Rxg7 Ne7 68. g6 Re1+ 69. Kh2 1-0

[Event "22nd European Teams"]
[Site "Batumi GEO"]
[Date "2019.10.26"]
[Round "3.14"]
[Board "4"]
[White "Klabis, Rokas"]
[Black "Bjerre, Jonas Buhl"]
[Result "1/2-1/2"]
[WhiteTitle "FM"]
[BlackTitle "IM"]
[WhiteElo "2321"]
[BlackElo "2506"]
[WhiteTeam "Lithuania"]
[BlackTeam "Denmark"]
[WhiteFideId "12805246"]
[BlackFideId "1444948"]
[EventDate "2019.10.24"]

1. e4 c5 2. Nf3 d6 3. Bb5+ Bd7 4. Bxd7+ Nxd7 5. O-O Ngf6 6. Qe2 e6 7. b3 g6 8.
Bb2 Bg7 9. c4 O-O 10. d4 cxd4 11. Bxd4 a6 12. Rd1 Qa5 13. Bc3 Qc7 14. Nbd2 Rfd8
15. Rac1 Rac8 16. Nf1 Nc5 17. Ng3 e5 18. Ne1 b5 19. cxb5 axb5 20. Bb4 Qb6 21. h3
Bh6 22. Bd2 Bf4 23. Qf3 Bxg3 24. Qxf6 Nxe4 25. Be3 Qb7 26. Qf3 Bh4 27. Nd3 f5
28. g3 Bf6 29. Rxc8 Qxc8 30. Bb6 Rf8 31. Nb4 Qe6 32. Qd3 Bg7 33. a4 bxa4 34.
bxa4 Nc5 35. Bxc5 dxc5 36. Nd5 Kh8 37. a5 e4 38. Nc7 Qc6 39. Qd7 Qxd7 40. Rxd7
c4 41. Nb5 c3 42. Rc7 Ra8 43. a6 Be5 44. Rc6 Kg7 45. a7 Kf7 46. Kf1 g5 47. Ke2
f4 48. gxf4 gxf4 49. Rc4 Ke6 50. Rxe4 Kd5 51. Kd3 Rd8 52. Rc4 Ra8 53. Ra4 c2 54.
Kxc2 Kc5 55. Nc3 Bd4 56. Kd3 Bxf2 57. Rxf4 Be1 58. Rf7 h5 59. Ne4+ Kc6 60. Kc4
Ba5 61. Nc5 Bb6 62. Rf6+ Kc7 63. Rf7+ Kc6 64. Rf6+ Kc7 65. Ne6+ Kb7 66. Kb5 Rxa7
67. Rf7+ Kc8 68. Rxa7 1/2-1/2

[Event "22nd European Teams"]
[Site "Batumi GEO"]
[Date "2019.10.26"]
[Round "3.15"]
[Board "2"]
[White "Dragnev, Valentin"]
[Black "Ftacnik, Lubomir"]
[Result "1/2-1/2"]
[WhiteTitle "GM"]
[BlackTitle "GM"]
[WhiteElo "2550"]
[BlackElo "2520"]
[WhiteTeam "Austria"]
[BlackTeam "Slovakia"]
[WhiteFideId "1634852"]
[BlackFideId "14900017"]
[EventDate "2019.10.24"]

1. c4 Nf6 2. Nc3 c5 3. Nf3 e6 4. e3 d5 5. d4 Nc6 6. a3 a6 7. dxc5 Bxc5 8. b4 Bd6
9. cxd5 exd5 10. Bb2 O-O 11. Be2 Be6 12. O-O Qe7 13. Rc1 Rfd8 14. Na4 Ne4 15.
Nd4 Nxd4 16. Qxd4 f6 17. f3 Be5 18. Qb6 Bxb2 19. Nxb2 Nd6 20. Rc7 Rd7 21. Rfc1
Rad8 22. Kf2 Bf7 23. Rxd7 Rxd7 24. b5 axb5 25. Bxb5 Rd8 26. a4 Ra8 27. Qd4 Rc8
28. Rxc8+ Nxc8 29. Nd3 Qc7 30. Nb4 Ne7 31. Qa7 Be6 32. Na6 Qc2+ 33. Be2 d4 34.
Nb4 dxe3+ 35. Qxe3 Qc8 36. Nd3 Nd5 37. Qc5 Kf7 38. Qa7 Nc3 39. a5 Nxe2 40. a6
Bd5 41. axb7 1/2-1/2

[Event "22nd European Teams"]
[Site "Batumi GEO"]
[Date "2019.10.26"]
[Round "3.15"]
[Board "3"]
[White "Nayhebaver, Martin"]
[Black "Blohberger, Felix"]
[Result "1/2-1/2"]
[WhiteTitle "IM"]
[BlackTitle "IM"]
[WhiteElo "2481"]
[BlackElo "2448"]
[WhiteTeam "Slovakia"]
[BlackTeam "Austria"]
[WhiteFideId "14923432"]
[BlackFideId "1632051"]
[EventDate "2019.10.24"]

1. e4 e5 2. Nf3 Nf6 3. Nxe5 d6 4. Nf3 Nxe4 5. d4 d5 6. Bd3 Be7 7. O-O Bf5 8. Nc3
O-O 9. Re1 Nxc3 10. bxc3 Bxd3 11. Qxd3 Nc6 12. c4 Bf6 13. Ba3 dxc4 14. Qxc4 Re8
15. Rxe8+ Qxe8 16. Rb1 Qd7 17. Rxb7 Bxd4 18. Nxd4 Nxd4 19. h3 Ne6 20. Rb3 Qd1+
21. Kh2 Qe1 22. Rf3 Rd8 23. Qc3 Qb1 24. Qb3 Qf1 25. Be7 Re8 26. Bc5 a6 27. Qa4
Qb5 28. Qxb5 axb5 29. Rc3 Ra8 30. a3 f6 31. Bb4 Kf7 32. Rc6 Ra7 1/2-1/2

[Event "22nd European Teams"]
[Site "Batumi GEO"]
[Date "2019.10.26"]
[Round "3.15"]
[Board "4"]
[White "Shengelia, David"]
[Black "Mazur, Stefan"]
[Result "1-0"]
[WhiteTitle "GM"]
[BlackTitle "IM"]
[WhiteElo "2531"]
[BlackElo "2435"]
[WhiteTeam "Austria"]
[BlackTeam "Slovakia"]
[WhiteFideId "13601270"]
[BlackFideId "14909332"]
[EventDate "2019.10.24"]

1. d4 Nf6 2. c4 g6 3. Nc3 Bg7 4. e4 d6 5. Be2 O-O 6. Be3 c6 7. h4 e5 8. h5 Qa5
9. Kf1 exd4 10. Bxd4 Nbd7 11. Nf3 Ne5 12. h6 Bh8 13. Qd2 Nxf3 14. gxf3 Ne8 15.
Nd5 Qd8 16. Bxh8 Kxh8 17. Qd4+ Kg8 18. Ne3 Qg5 19. Rd1 Be6 20. b3 Qe5 21. Ng4
Qxd4 22. Rxd4 Bxg4 23. fxg4 Nc7 24. Rxd6 Rad8 25. Rxd8 Rxd8 26. Rh3 Ne6 27. Rd3
Rxd3 28. Bxd3 Nf4 29. Bc2 f6 30. f3 Kf7 31. Kf2 Ke6 32. c5 Ke5 33. b4 Ne6 34.
Bb3 Nf8 35. Ke3 g5 36. Bg8 b6 37. cxb6 axb6 38. a4 Kd6 39. Kd4 c5+ 40. bxc5+
bxc5+ 41. Kc4 Kc6 42. a5 Nd7 43. Bxh7 Ne5+ 44. Kc3 Kb5 45. Bg8 Kxa5 46. h7 Ng6
47. Bf7 Nh8 48. Be8 Kb6 49. Kc4 1-0

[Event "22nd European Teams"]
[Site "Batumi GEO"]
[Date "2019.10.26"]
[Round "3.16"]
[Board "1"]
[White "Blagojevic, Dragisa"]
[Black "Nyback, Tomi"]
[Result "0-1"]
[WhiteTitle "GM"]
[BlackTitle "GM"]
[WhiteElo "2500"]
[BlackElo "2565"]
[WhiteTeam "Montenegro"]
[BlackTeam "Finland"]
[WhiteFideId "900885"]
[BlackFideId "503142"]
[EventDate "2019.10.24"]

1. d4 d5 2. c4 c6 3. Nc3 Nf6 4. e3 Bf5 5. cxd5 cxd5 6. Qb3 Nc6 7. Qxb7 Bd7 8.
Qb3 Rb8 9. Qd1 e5 10. dxe5 Nxe5 11. Nge2 Bd6 12. Nf4 Bc6 13. Be2 Ng6 14. Nxg6
hxg6 15. Bf3 g5 16. g3 Qd7 17. Ne2 g4 18. Bg2 d4 19. Bxc6 Qxc6 20. O-O Rxh2 21.
Kxh2 Ke7 22. e4 Qxe4 23. f3 gxf3 24. Nxd4 Qh4+ 0-1

[Event "22nd European Teams"]
[Site "Batumi GEO"]
[Date "2019.10.26"]
[Round "3.16"]
[Board "2"]
[White "Keinanen, Toivo"]
[Black "Kosic, Dragan"]
[Result "1/2-1/2"]
[WhiteTitle "FM"]
[BlackTitle "GM"]
[WhiteElo "2428"]
[BlackElo "2478"]
[WhiteTeam "Finland"]
[BlackTeam "Montenegro"]
[WhiteFideId "509825"]
[BlackFideId "900290"]
[EventDate "2019.10.24"]

1. e4 e6 2. d4 d5 3. exd5 exd5 4. Nf3 Nf6 5. Bd3 Bg4 6. O-O Be7 7. Bg5 Nbd7 8.
Nbd2 O-O 9. c3 Nh5 10. Be3 Nhf6 11. Qc2 Bd6 12. Bg5 h6 13. Bh4 c5 14. Bh7+ Kh8
15. Bf5 Bxf5 16. Qxf5 g6 17. Qd3 c4 18. Qc2 Qc7 19. Rae1 Nh5 20. Re3 Rae8 21.
Rfe1 Rxe3 22. Rxe3 b5 23. Nf1 Kg7 24. Re1 Nf4 25. Ne3 Qc6 26. Bg3 Nd3 27. Rd1
Re8 28. Ne1 Bxg3 29. hxg3 Nxe1 30. Rxe1 Nf6 31. f3 h5 32. Kf2 a5 33. Qd2 Re6 34.
Nc2 Rxe1 1/2-1/2

[Event "22nd European Teams"]
[Site "Batumi GEO"]
[Date "2019.10.26"]
[Round "3.16"]
[Board "3"]
[White "Draskovic, Luka"]
[Black "Sipila, Vilka"]
[Result "1-0"]
[WhiteTitle "IM"]
[BlackTitle "IM"]
[WhiteElo "2460"]
[BlackElo "2405"]
[WhiteTeam "Montenegro"]
[BlackTeam "Finland"]
[WhiteFideId "944335"]
[BlackFideId "505455"]
[EventDate "2019.10.24"]

1. c4 e6 2. Nf3 d5 3. b3 Nf6 4. Bb2 b6 5. g3 Bb7 6. Bg2 dxc4 7. bxc4 c5 8. O-O
Be7 9. Qc2 Qc8 10. Nc3 Nc6 11. d3 O-O 12. e3 Rd8 13. Rfd1 h6 14. Qe2 Nd7 15. Ne1
Na5 16. f4 a6 17. Nf3 Rb8 18. a4 Bf6 19. g4 g6 20. h4 Bg7 21. g5 h5 22. Rab1 Bc6
23. Nd2 Bxg2 24. Qxg2 Nc6 25. Nde4 Ne7 26. Ng3 Qc6 27. Nce4 Bxb2 28. Qxb2 Nf5
29. Nxf5 gxf5 30. Ng3 Qf3 31. Qf2 Qg4 32. Kg2 b5 33. axb5 axb5 34. cxb5 Nb6 35.
Qf3 Nd5 36. Rdc1 Ra8 37. Rb2 Nb4 38. Qxg4 hxg4 39. Rd2 Nxd3 40. Rcd1 c4 41. Ne2
Rab8 42. Nc3 e5 43. fxe5 Re8 44. Nd5 Kg7 45. Nf6 Red8 46. Nh5+ Kg6 47. Nf4+
Nxf4+ 48. exf4 Rxd2+ 49. Rxd2 Kh5 50. Rd6 Rh8 51. b6 c3 52. b7 c2 53. b8=Q Rxb8
54. Rh6# 1-0

[Event "22nd European Teams"]
[Site "Batumi GEO"]
[Date "2019.10.26"]
[Round "3.16"]
[Board "4"]
[White "Koykka, Pekka"]
[Black "Kalezic, Blazo"]
[Result "1-0"]
[WhiteTitle "FM"]
[BlackTitle "IM"]
[WhiteElo "2381"]
[BlackElo "2455"]
[WhiteTeam "Finland"]
[BlackTeam "Montenegro"]
[WhiteFideId "504319"]
[BlackFideId "921815"]
[EventDate "2019.10.24"]

1. d4 Nf6 2. c4 g6 3. Nc3 Bg7 4. e4 d6 5. h3 O-O 6. Bg5 Nbd7 7. Bd3 e5 8. d5 h6
9. Be3 Nc5 10. Bc2 a5 11. Nge2 Bd7 12. Qd2 Kh7 13. g4 Ng8 14. O-O-O Qe8 15. f3
Ra6 16. h4 a4 17. h5 g5 18. Nb1 b5 19. cxb5 Bxb5 20. Nec3 Bd7 21. Na3 Qa8 22.
Bxc5 dxc5 23. Bd3 Rf6 24. Qe3 Rb8 25. Rh2 Bf8 26. Nc4 Bd6 27. Rc2 Ne7 28. Nb1
Nc8 29. Nba3 Na7 30. Be2 Rb4 31. Qc3 Qe8 32. Kb1 Rf4 33. Ne3 Rd4 34. Qa5 Qb8 35.
Nec4 Kg7 36. Rdc1 f5 37. exf5 Rxd5 38. Qc3 Bb5 39. Qe3 Qe8 40. Nd2 Bc6 41. Ne4
Nb5 42. Nxb5 Bxb5 43. Nxc5 Bd7 44. Ne4 c6 45. Qa7 Be7 46. Qxa4 Qb8 47. Qa6 Qe8
48. Qb7 Kf8 49. Rd1 Rd4 50. Qc7 Bd8 51. Qb8 Qe7 52. Rcd2 c5 53. Qa7 Bc6 54. Qa6
Bxe4+ 55. fxe4 Qf6 56. Qc8 Kg7 57. Qxc5 Rfxe4 58. Bf3 Rf4 59. Qa7+ Kf8 60. Qa8
Kg7 61. a3 Qb6 62. Rxd4 exd4 63. Qd5 Be7 64. Re1 Qd6 65. Qb7 Kf8 66. Re6 Qc5 67.
Qa8+ Kf7 68. Bd5 Rf1+ 69. Re1+ 1-0

[Event "22nd European Teams"]
[Site "Batumi GEO"]
[Date "2019.10.26"]
[Round "3.17"]
[Board "1"]
[White "Tutisani, Noe"]
[Black "Saraci, Nderim"]
[Result "1/2-1/2"]
[WhiteTitle "IM"]
[BlackTitle "IM"]
[WhiteElo "2412"]
[BlackElo "2396"]
[WhiteTeam "Georgia 2"]
[BlackTeam "Kosovo"]
[WhiteFideId "13602853"]
[BlackFideId "6351921"]
[EventDate "2019.10.24"]

1. e4 c5 2. Nf3 Nc6 3. Nc3 g6 4. d4 cxd4 5. Nxd4 Bg7 6. Be3 Nf6 7. Bc4 O-O 8.
Bb3 d6 9. f3 Qa5 10. Qd2 Nxd4 11. Bxd4 Be6 12. O-O-O b5 13. Kb1 Bxb3 14. cxb3
Rfc8 15. Rhe1 b4 16. Bxf6 bxc3 17. Bxc3 Bxc3 18. bxc3 Rxc3 19. Re3 Rc5 20. Qxa5
Rxa5 21. Rc3 f6 22. Rc7 Kf8 23. Kb2 Re5 24. Rd5 a5 25. a4 Ke8 26. Rxe5 fxe5 27.
Rb7 Rc8 28. Rb5 Rc5 29. Rb8+ Kd7 30. h4 Rc8 31. Rb5 Rc5 32. Rb7+ Rc7 33. Rb8 Rc8
34. Rxc8 Kxc8 35. Kc3 Kc7 36. b4 axb4+ 37. Kxb4 h6 38. g3 g5 39. hxg5 hxg5 40.
Kb5 e6 41. a5 d5 42. exd5 exd5 43. Kc5 d4 1/2-1/2

[Event "22nd European Teams"]
[Site "Batumi GEO"]
[Date "2019.10.26"]
[Round "3.17"]
[Board "2"]
[White "Makolli, Perparim"]
[Black "Petriashvili, Nikoloz"]
[Result "0-1"]
[WhiteTitle "FM"]
[BlackTitle "IM"]
[WhiteElo "2241"]
[BlackElo "2441"]
[WhiteTeam "Kosovo"]
[BlackTeam "Georgia 2"]
[WhiteFideId "908630"]
[BlackFideId "13611216"]
[EventDate "2019.10.24"]

1. e4 c6 2. d4 d5 3. exd5 cxd5 4. Bd3 Nc6 5. c3 g6 6. Bf4 Nf6 7. Nf3 Bg7 8. O-O
O-O 9. Nbd2 Nh5 10. Bg5 h6 11. Bh4 f5 12. Bg3 Nxg3 13. fxg3 g5 14. Qb3 e6 15.
Rad1 g4 16. Ne1 h5 17. Bb1 b6 18. Qb5 Qd6 19. Qe2 a5 20. Qe3 Rf6 21. Rf2 Bh6 22.
Qe2 Ra7 23. Bd3 Re7 24. Nc2 Kg7 25. Qf1 Ref7 26. Qe2 f4 27. h3 fxg3 28. Rxf6
Rxf6 29. Rf1 gxh3 30. Qxh5 e5 31. gxh3 e4 32. Nxe4 dxe4 33. Bxe4 Rxf1+ 34. Kxf1
Qf4+ 35. Qf3 Bxh3+ 0-1

[Event "22nd European Teams"]
[Site "Batumi GEO"]
[Date "2019.10.26"]
[Round "3.17"]
[Board "3"]
[White "Sibashvili, Giorgi"]
[Black "Uruci, Endrit"]
[Result "1/2-1/2"]
[WhiteTitle "IM"]
[WhiteElo "2382"]
[BlackElo "2237"]
[WhiteTeam "Georgia 2"]
[BlackTeam "Kosovo"]
[WhiteFideId "13602799"]
[BlackFideId "22100199"]
[EventDate "2019.10.24"]

1. d4 Nf6 2. c4 c5 3. d5 b5 4. Nf3 Bb7 5. Nbd2 Qa5 6. e4 d6 7. e5 dxe5 8. Nxe5
g6 9. cxb5 Bxd5 10. Be2 Bg7 11. O-O O-O 12. Nb3 Qb4 13. Be3 Qe4 14. Nf3 Nbd7 15.
Ne1 Rfc8 16. Bf3 Qe6 17. Nd3 Bxf3 18. Qxf3 c4 19. Ndc5 Nxc5 20. Nxc5 Qd5 21.
Rfd1 Qxf3 22. gxf3 e6 23. Rac1 Nd5 24. Rxc4 Bxb2 25. Bd4 Ba3 26. Rd3 Bb4 27. a3
Nf4 28. Rb3 Ba5 29. Kf1 Bb6 30. Rbc3 Rd8 31. Rc1 Rac8 32. Bf6 Rd2 33. Rxf4 Rxc5
34. Rxc5 Bxc5 35. Rc4 Rd5 36. a4 Kf8 37. Ke2 Ke8 38. Bb2 Kd7 39. Bc1 Rh5 40. Bf4
Bb6 41. Be3 Rxh2 42. Rc6 Rh1 43. Bxb6 axb6 44. Rxb6 Ra1 45. Rb7+ Kc8 46. Rxf7 h5
47. Rg7 Rxa4 48. Rxg6 Kd7 49. Rg7+ Kd6 50. Kf1 Rb4 51. Rg5 h4 52. Kg2 Ke7 53.
Rg7+ Kf6 54. Rb7 Ke5 55. b6 Kd6 56. Rb8 Rb3 57. b7 Kc7 58. Re8 Kxb7 59. Rxe6 Kc7
60. Re4 Kd6 61. Rxh4 Ke5 62. Kg3 Kf5 63. Rh5+ Kg6 64. Ra5 Rb2 65. f4 Rc2 66. Kf3
Kf6 67. Re5 Ra2 68. Re2 Ra1 69. Rb2 Rc1 70. Rb8 Ra1 71. Rf8+ Ke7 72. Rf5 Ke6 73.
Rb5 Kf6 74. Kg3 Rg1+ 75. Kf3 Ra1 76. f5 Ra4 77. Ke3 Ra2 78. Rd5 Rb2 79. f3 Rb4
80. Ra5 Kg5 81. Rc5 Ra4 82. Re5 Rb4 83. f4+ Kf6 84. Kf3 Rb1 85. Ra5 1/2-1/2